书目信息 |
| 题名: |
中国当代话剧艺术演变史
|
|
| 作者: | 王新民 著 | |
| 分册: | ||
| 出版信息: | 杭州 浙江大学出版社 2000 |
|
| 页数: | 328页 | |
| 开本: | 20cm | |
| 丛书名: | 中国当代分体文学史丛书 | |
| 单 册: | ||
| 中图分类: | I207.34 | |
| 科图分类: | ||
| 主题词: | 话剧--戏剧文学--文学史--中国--1949~1995 , 话剧 , 文学史 , 戏剧文学 | |
| 电子资源: | ||
| ISBN: | 7-308-02299-4 | |
| 000 | 01026oam2 2200301 450 | |
| 001 | 110000005014 | |
| 005 | 20051014104428.68 | |
| 010 | @a7-308-02299-4@dCNY18.00 | |
| 092 | @aCN | |
| 100 | @a20050222d2000 ekmy0chiy0120 ea | |
| 101 | 0 | @achi |
| 102 | @aCN@b330000 | |
| 105 | @ay z 000yy | |
| 200 | 1 | @a中国当代话剧艺术演变史@9zhong guo dang dai hua ju yi shu yan bian shi@f王新民著@Fwang xin min zhu |
| 210 | @a杭州@c浙江大学出版社@d2000 | |
| 215 | @a328页@d20cm | |
| 225 | 2 | @a中国当代分体文学史丛书@f金汉主编 |
| 330 | @a本书分上、下两编,上编主要研究1949~1976年间现实主义话剧在摇摆中滑坡、中落;下编研究的是1977~1995年间现实主义话剧的再生与现代主义话剧的勃兴。 | |
| 410 | 0 | @12001 @a中国当代分体文学史丛书@1701 0@a金汉@Ajin han@4主编 |
| 606 | 0 | @a话剧@x戏剧文学@x文学史@y中国@z1949~1995 |
| 606 | 0 | @a话剧 |
| 606 | 0 | @a文学史 |
| 606 | 0 | @a戏剧文学 |
| 690 | @aI207.34@v4 | |
| 701 | 0 | @a王新民@Awang xin min@4著 |
| 801 | 0 | @aCN@bTSSF@c20051014 |
| 905 | @a10447@dI207.34@e81 | |
| 999 | @aZXL@eGLX | |
| 中国当代话剧艺术演变史/王新民著.-杭州:浙江大学出版社,2000 |
| 328页;20cm.-(中国当代分体文学史丛书/金汉主编) |
| ISBN 7-308-02299-4:CNY18.00 |
| 本书分上、下两编,上编主要研究1949~1976年间现实主义话剧在摇摆中滑坡、中落;下编研究的是1977~1995年间现实主义话剧的再生与现代主义话剧的勃兴。 |
| ● |
| 相关链接 |
|
|
|
|
正题名:中国当代话剧艺术演变史
索取号:I207.34/81
 
预约/预借
| 序号 | 登录号 | 条形码 | 馆藏地/架位号 | 状态 | 备注 |
| 1 | 0366778 | 3667785 | 第一样本阅览室/ [索取号:I207.34/81] | 在馆 | |
| 2 | 0366779 | 3667794 | 第二借阅区/ [索取号:I207.34/81] | 在馆 | |
| 3 | 0366780 | 3667801 | 第二借阅区/ [索取号:I207.34/81] | 在馆 | |
| 4 | 0366781 | 3667810 | 第二借阅区/ [索取号:I207.34/81] | 在馆 | |
| 5 | 0366782 | 3667829 | 第二借阅区/ [索取号:I207.34/81] | 在馆 |